| 000 | 00917nmc a2200337 a 4500 | ||
|---|---|---|---|
| 003 | AR-BaBNM | ||
| 005 | 20251128211814.0 | ||
| 008 | 026020s2004 ||||||||||||||000 | spa|| | ||
| 020 | _a950-12-4529-2 | ||
| 040 | _cAR-BaBNM | ||
| 100 | 1 | _aElías, María Felicitas | |
| 245 | 1 | 0 | _aLa adopción de niños como cuestión social |
| 250 | _a1ª ed. | ||
| 260 |
_aBuenos Aires _bPaidós _c2004 |
||
| 300 | 0 | _a225 p. | |
| 490 | 0 |
_aTramas sociales _v29 |
|
| 500 | 0 | _aAnexo II : Leyes sobre adopción | |
| 504 | _aContiene información bibliográfica | ||
| 650 | 4 | _aADOPCION | |
| 650 | 4 | _aNINOS ADOPTADOS | |
| 650 | 4 | _aSOCIOLOGIA | |
| 650 | 4 | _aTUTELA DE MENORES | |
| 650 | 4 | _aHISTORIA POLITICA ARGENTINA | |
| 650 | 4 | _aTRABAJO SOCIAL | |
| 650 | 4 | _aLEGISLACION SOCIAL | |
| 651 | 4 | _aArgentina | |
| 700 | 1 |
_aGiberti, Eva _eprologuista |
|
| 800 | 1 | _aGojman, Irene | |
| 942 | _cBK | ||
| 998 | _cme-solo cat | ||
| 999 |
_c21198 _d21198 |
||